00504nam a2200181Ia 450000500170000000800410001702000150005808200190007324500160009226000370010830000160014565000140016165000130017570000180018894200060020695200950021299900150030720241218010911.0240331s9999 xx 000 0 und d a8188965308 bNIV26438a305 0aSexualities aNew DelhibWomen Unlimitedc2007 alx, 333 p., aSexuality aFeminism aMenon, Needt cL 001040708LaWERCLbWERCLcSSCd2024-03-31l0o 305 SEXp6438r2024-03-31w2024-03-31yL c4495d4495